• 首页
  • 本馆介绍
  • 公告通知
  • 最新文献
  • 馆藏检索
  • 电子资源
  • 读者导购
  • 参考咨询
  • 我的图书馆
  • 登录
  • 详细信息显示
  • 放入我的书架
  • 预约/预借图书
  • 作者相关作品
  • 分类相关作品
  • 丛书相关作品
  • 出版社相关作品

书目信息

  • 表格格式
  • 工作单格式
  • 卡片格式
题名:
中国桥梁
    
 
作者: 於贤德
分册:  
出版信息: 广州   广东旅游出版社  1996
页数: 284页
开本: 20cm
丛书名:
单 册:
中图分类: U44
科图分类:
主题词: 桥涵工程
电子资源:
ISBN: 7-80521-626-6
000 00482nam0 2200181 450
001 0736196517
005 20070924100316.51
010    @a7-80521-626-6@d¥13.80
100    @a20070924d km y0chiy0120 ea
101 0  @achi
200 1  @a中国桥梁@Azhong guo qiao liang@f於贤德@Fyu xian de
210    @a广州@c广东旅游出版社@d1996
215    @a284页@d20cm
606 0  @a桥涵工程
690    @aU44@v3
701  0 @a於贤德@Ayu xian de
801  0 @aCN@bPFT@c20070924
905    @a213230@dU44@eZY1@f1
    
    中国桥梁/於贤德.-广州:广东旅游出版社,1996
    284页;20cm
    
    
    ISBN 7-80521-626-6:¥13.80
    
●
相关链接 在E读中查询图书 在五车中查询图书 在当当中查询图书 在豆瓣中查询图书


正题名:中国桥梁     索取号:U44/ZY1         预约/预借

序号 登录号 条形码 馆藏地/架位号 状态 备注
1 7900536   279005363   密集书库-资源管理系/ [索取号:U44/ZY1] 在馆    
唐山师范学院图书馆 欢迎您!
大连网信软件有限公司© 版权所有